Países que se Escriben Casi Igual que en Alemán - Estadísticas

Estadísticas generales
  • Esta prueba ha sido intentada 12 veces
  • La puntuación promedio es 6 de 29
Estadísticas de respuestas
Alemán -> Español País % Correcto
Cambiar k por c Canadá
60%
Cambiar j por y Yemen
60%
Cambiar s por z Zambia
50%
Cambiar s por z Zimbabue
50%
Cambiar k por c México
40%
Quitar h Afganistán
30%
Cambiar k por c Camerún
30%
Cambiar k por c Catar
30%
Cambiar k por c Cuba
30%
Añadir a Irlanda
30%
Cambiar a por o Japón
30%
Cambiar z por c Belice
20%
Cambiar w por u Botsuana
20%
Cambiar k por c Jamaica
20%
Añadir o Luxemburgo
20%
Cambiar s por z Uzbekistán
20%
Quitar h Bután
10%
Cambiar k por c Madagascar
10%
Quitar y Malasia
10%
Cambiar k por c Sudáfrica
10%
Cambiar s por z Tanzania
10%
Cambiar u por o Gabón
0%
Cambiar e por a Granada
0%
Quitar h Lesoto
0%
Quitar n Líbano
0%
Cambiar w por u Malaui
0%
Cambiar n por s Seychelles
0%
Cambiar e por a Sierra Leona
0%
Quitar e Surinam
0%
No se encontraron pruebas coincidentes
Distribución de puntuación
Porcentaje de gente con cada puntuación
Porcentaje por número respondido
Historial de tus puntuaciones
No has intentado esta prueba.